|
|
|
|
| LEADER |
02677nam a2200577 4500 |
| 001 |
ocn894221694 |
| 003 |
OCoLC |
| 005 |
20170124071105.1 |
| 006 |
m o d |
| 007 |
cr cnu|||unuuu |
| 008 |
141103s2014 enk ob 001 0 eng d |
| 040 |
|
|
|a DG1
|b eng
|e rda
|e pn
|c DG1
|d E7B
|d OCLCQ
|d COO
|d OCLCF
|d DEBBG
|d GrThAP
|
| 019 |
|
|
|a 896835164
|a 961573639
|a 962607898
|
| 020 |
|
|
|a 9781119050643
|q (electronic bk.)
|
| 020 |
|
|
|a 1119050642
|q (electronic bk.)
|
| 020 |
|
|
|a 9781119050575
|q (e-book)
|
| 020 |
|
|
|a 111905057X
|q (e-book)
|
| 020 |
|
|
|z 9781848217645
|
| 020 |
|
|
|a 1848217641
|
| 020 |
|
|
|a 9781848217645
|
| 024 |
7 |
|
|a 10.1002/9781119050643
|2 doi
|
| 029 |
1 |
|
|a CHBIS
|b 010441721
|
| 029 |
1 |
|
|a CHVBK
|b 334089646
|
| 029 |
1 |
|
|a NZ1
|b 15920993
|
| 029 |
1 |
|
|a DEBBG
|b BV043397253
|
| 035 |
|
|
|a (OCoLC)894221694
|z (OCoLC)896835164
|z (OCoLC)961573639
|z (OCoLC)962607898
|
| 050 |
|
4 |
|a TS155.6
|
| 082 |
0 |
4 |
|a 005.1/2
|2 23
|
| 049 |
|
|
|a MAIN
|
| 100 |
1 |
|
|a Larrieu, Nicolas,
|e author.
|
| 245 |
1 |
0 |
|a Rapid prototyping of software for avionics systems :
|b model-oriented approaches for complex systems certification /
|c Nicolas Larrieu, Antoine Varet.
|
| 264 |
|
1 |
|a London :
|b ISTE, Ltd ;
|a Hoboken, NJ :
|b John Wiley & Sons,
|c 2014.
|
| 300 |
|
|
|a 1 online resource.
|
| 336 |
|
|
|a text
|b txt
|2 rdacontent
|
| 337 |
|
|
|a computer
|b c
|2 rdamedia
|
| 338 |
|
|
|a online resource
|b cr
|2 rdacarrier
|
| 490 |
1 |
|
|a Focus Series,
|x 2051-249X
|
| 505 |
0 |
|
|a Front Matter -- Developing Model-Based Design Methods in Software Engineering / Nicolas Larrieu, Antoine Varet -- Methodology for Rapid Prototyping Avionic Software / Nicolas Larrieu, Antoine Varet -- Implementing the Prototyping Methodology to Develop a Next Generation Avionic Router / Nicolas Larrieu, Antoine Varet -- Conclusion.
|
| 504 |
|
|
|a Includes bibliographical references and index.
|
| 588 |
0 |
|
|a Online resource; title from PDF title page (John Wiley, viewed Nov. 3, 2014).
|
| 650 |
|
0 |
|a Rapid prototyping.
|
| 650 |
|
0 |
|a Software engineering.
|
| 650 |
|
7 |
|a Rapid prototyping.
|2 fast
|0 (OCoLC)fst01090060
|
| 650 |
|
7 |
|a Software engineering.
|2 fast
|0 (OCoLC)fst01124185
|
| 655 |
|
4 |
|a Electronic books.
|
| 655 |
|
0 |
|a Electronic books.
|
| 700 |
1 |
|
|a Varet, Antoine,
|e author.
|
| 776 |
0 |
8 |
|i Print version:
|a Larrieu, Nicolas.
|t Rapid prototyping software for avionics systems : model-oriented approaches for complex systems certification.
|d London, England ; Hoboken, New Jersey : ISTE : Wiley, ©2014
|h xiv, 129 pages
|k Focus series (London, England).
|x 2051-249X
|z 9781848217645
|
| 830 |
|
0 |
|a Focus series (London, England)
|
| 856 |
4 |
0 |
|u https://doi.org/10.1002/9781119050643
|z Full Text via HEAL-Link
|
| 994 |
|
|
|a 92
|b DG1
|